|
|
|
|
| LEADER |
01222nam a22002417a 4500 |
| 001 |
29220 |
| 003 |
BD-DhAAL |
| 005 |
20220612143836.0 |
| 008 |
150510s2008 cc ||||| |||| 00| 0 mul d |
| 999 |
|
|
|c 34378
|d 34378
|
| 020 |
|
|
|a 9787800528828
|
| 040 |
|
|
|a BD-DhAAL
|c BD-DhAAL
|
| 082 |
|
|
|2 22
|a 495.1/82421
|
| 245 |
|
|
|a 当代中文 : 练习冊 = Contemporary Chinese :
|b exercise book /
|c 主编 吳中伟 ; 编者吳中伟 [and others] ; 翻译, 徐蔚, Yvonne L. Walls, Jan W. Walls. 吳中伟. ; ; Zhongwei Wu
|
| 260 |
|
|
|a 华语敎学出版社 : 中国国际图书贸易总公司海外发行, Beijing :
|b Zhongguo guo ji tu shu mao yi zong gong si hai wai fa xing,
|c 2008
|
| 300 |
|
|
|a 4 volumes : illustrations ;
|b 26 cm.
|
| 490 |
|
|
|a Zhongguo guo jia dui wai Han yu jiao xue ling dao xiao zu ban gong shi gui hua jiao cai.
|
| 541 |
|
|
|e 29220
|
| 650 |
|
|
|a Chinese language
|v English.
|x Textbooks for foreign speakers
|9 10925
|
| 700 |
|
|
|a zhu bian, Wu Zhongwei
|9 10926
|
| 852 |
|
|
|a BRAC Institute of Language (BIL)
|b General Stacks
|
| 942 |
|
|
|2 ddc
|c BK
|
| 952 |
|
|
|0 0
|1 1
|2 ddc
|4 0
|6 495_182421000000000_CON
|7 0
|9 53676
|a BIL
|b BIL
|c GEN
|d 2015-05-10
|e BRAC Institute of Language
|l 0
|o 495.182421 CON
|p 3010029220
|r 2015-05-10
|t 1
|w 2015-05-10
|y BK
|